书目信息 |
| 题名: |
后来时间都与你有关
|
|
| 作者: | 张皓宸 著 | |
| 分册: | ||
| 出版信息: | 天津 天津人民出版社 2017.07 |
|
| 页数: | 307页 | |
| 开本: | 21cm | |
| 丛书名: | ||
| 单 册: | ||
| 中图分类: | I247.7 | |
| 科图分类: | ||
| 主题词: | 小说--中国 | |
| 电子资源: | ||
| ISBN: | 7-201-12071-9 | |
| 000 | 00562nam0 2200193 450 | |
| 001 | 1742547666 | |
| 005 | 20171211115039.01 | |
| 010 | @a7-201-12071-9@dCNY39.80 | |
| 100 | @a20171211d2017 km y0chiy0120 ea | |
| 101 | 0 | @achi |
| 102 | @aCN@b120000 | |
| 200 | 1 | @a后来时间都与你有关@Ahou lai shi jian dou yu ni you guan@f张皓宸著@Fzhang hao chen zhu |
| 210 | @a天津@c天津人民出版社@d2017.07 | |
| 215 | @a307页@d21cm | |
| 606 | 0 | @a小说@x中国 |
| 690 | @aI247.7@v4 | |
| 701 | 0 | @a张皓宸@Azhang hao chen@4著 |
| 801 | 0 | @aCN@bMUSE@c20171211 |
| 905 | @aMUSE@dI247.7@eZ1101 | |
| 后来时间都与你有关/张皓宸著.-天津:天津人民出版社,2017.07 |
| 307页;21cm |
| ISBN 7-201-12071-9:CNY39.80 |
| ● |
| 相关链接 |
|
|
|
正题名:后来时间都与你有关
索取号:I247.7/Z1101
 
预约/预借
| 序号 | 登录号 | 条形码 | 馆藏地/架位号 | 状态 | 备注 |
| 1 | 1237416 | 212374161 | 电气与控制工程学院资料室/ [索取号:I247.7/Z1101] | 在馆 |